Mikroekonomická analýza optimálneho správania spotrebiteľa na trhu produktov sieťových odvetví

Optimalizácia cenovej stratégie na trhu nedokonalej konkurencie v podmienkach cenovej diferenciácie produkcie. Model optimálneho správania spotrebiteľa v podmienkach cenovej diferenciácie. Prezentácia metodologického aparátu podporujúceho efektívnu tvorbu cien tovarov a služieb producentov, ktorí pô...

Descripción completa

Guardado en:
Detalles Bibliográficos
Autor principal: Fendeková, Eleonora, 1952-
Formato: Capítulo de libro
Lenguaje:eslovaco
Materias:
Etiquetas: Agregar Etiqueta
Sin Etiquetas, Sea el primero en etiquetar este registro!

MARC

LEADER 00000naa$a2200000$$$4500
001 0249988
005 20240502074013.1
041 0 |a slo 
044 |a SK 
245 1 0 |a Mikroekonomická analýza optimálneho správania spotrebiteľa na trhu produktov sieťových odvetví  |c Eleonora Fendeková 
520 |a Optimalizácia cenovej stratégie na trhu nedokonalej konkurencie v podmienkach cenovej diferenciácie produkcie. Model optimálneho správania spotrebiteľa v podmienkach cenovej diferenciácie. Prezentácia metodologického aparátu podporujúceho efektívnu tvorbu cien tovarov a služieb producentov, ktorí pôsobia na trhoch sieťových odvetví. 
610 2 0 |a spotrebitelia 
610 2 0 |a správanie spotrebiteľa 
610 2 0 |a politika cenová 
610 2 0 |a tvorba cien 
610 2 0 |a služby 
610 2 0 |a siete dátové 
610 2 0 |a priemysel informačný 
100 1 |a Fendeková, Eleonora, 1952-